| 000 | 00724nam a2200217 u 4500 | ||
|---|---|---|---|
| 005 | 20240413063823.0 | ||
| 008 | 140206s2003 mx r 000 0 spa d | ||
| 020 | _a9707014326 | ||
| 035 | _aUPN01000195529 | ||
| 049 | _aCG | ||
| 050 | 4 |
_aF1234 _bS2.2 |
|
| 100 | 1 |
_aSalgado Andrade, Eva _935517 |
|
| 245 | 1 | 3 |
_aEl discurso del poder : _binformes presidenciales en México (1917-1946) / _cEva Salgado Andrade. |
| 260 |
_aMéxico : _bCIESAS : _bMiguel Angel Porrúa, _c2003. |
||
| 300 |
_a563 p. : _btablas |
||
| 440 | 0 |
_aSociedades. _pHistorias. _pLenguajes |
|
| 651 | 4 |
_aMéxico _xPolítica y gobierno _y1910-1946 _vFuentes _912697 |
|
| 650 | 4 |
_aPresidentes _zMéxico _vInformes _96409 |
|
| 905 | _aLibro | ||
| 999 |
_c167630 _d167630 |
||